The flames of fire / (Record no. 32674)

MARC details
000 -LEADER
fixed length control field 00770nam a22002537a 4500
008 - FIXED-LENGTH DATA ELEMENTS--GENERAL INFORMATION
fixed length control field 250705b |||||||| |||| 00| 0 eng d
017 ## - LEGAL DEPOSIT NUMBER
Legal deposit number LD.4017
018 ## - LEGAL DEPOSIT YEAR
LDD Year 2025
020 ## - INTERNATIONAL STANDARD BOOK NUMBER
ISBN 9789686513
040 ## - CATALOGING SOURCE
Original cataloging agency NLN
Language of cataloging English
Description conventions AACR2
100 ## - MAIN ENTRY--AUTHOR
Author GODDY, Moses
Dates associated with a name aut
245 ## - TITLE STATEMENT
Title The flames of fire /
Statement of responsibility, etc Moses Goddy
260 ## - PUBLICATION, DISTRIBUTION, ETC. (IMPRINT)
Place of publication Ibadan, Oyo State (Power Deport Olowoyo Street Araromi, Odo-Ona, G. P. O. Box 38137) :
Name of publisher Life Preachers Ministries,
Date of publication 2019
300 ## - COLLATION
Pagination vii, 61p. ;
Other physical details 21cm.
500 ## - GENERAL NOTE
General note Bibliography : p. 59-60
563 ## - BINDING INFORMATION
Binding note (pbk.)
650 ## - TRACINGS
Main Subject Bible stories, English
650 ## - TRACINGS
Main Subject Christian life
650 ## - TRACINGS
Main Subject Spiritual life
942 ## - ADDED ENTRY ELEMENTS (KOHA)
Item type Books
Suppress in OPAC No
050 ## - LIBRARY OF CONGRESS CALL NUMBER
Classification number BS551.3
Item number .G578
082 ## - DEWEY DECIMAL CLASSIFICATION NUMBER
Classification number 220.9505
Holdings
Source of classification or shelving scheme Not for loan Home library Current library Date acquired Mode of acquisition Accession No. Full call number Barcode. Copy number Koha item type
Library of Congress Classification   ENUGU BRANCH National Library of Nigeria 05/07/2025 Legal deposit 274777 BS551.3 .G578 274777 1 Books
Library of Congress Classification   IBADAN BRANCH LIBRARY National Library of Nigeria 05/07/2025 Legal deposit 274776 BS551.3 .G578 274776 1 Books
Library of Congress Classification   PORT HARCOURT BRANCH National Library of Nigeria 05/07/2025 Legal deposit 274778 BS551.3 .G578 274778 1 Books

National Library of Nigeria OPAC is powered by Koha